Normal view
MARC view
Entry Personal Name
001 - CONTROL NUMBER
- control field: 855085
003 - CONTROL NUMBER IDENTIFIER
- control field: OSt
005 - DATE AND TIME OF LATEST TRANSACTION
- control field: 20251208105023.0
008 - FIXED-LENGTH DATA ELEMENTS
- fixed length control field: 251208|| aca||aabn | a|a d
040 ## - CATALOGING SOURCE
- Original cataloging agency: OSt
- Transcribing agency: OSt
100 ## - HEADING--PERSONAL NAME
- Personal name: Gaukroger S
670 ## - SOURCE DATA FOUND
- Source citation: Work cat.: (OSt)102708: Gaukroger S, Explanatory structures: a study of concpts of explanation in early physics and philosophy
